Золотой фонд детектива. [Т. 3]: Проходная пешка | Клетка | На языке пламени (Запись № 6241841)
[ простой вид ]
| 000 -МАРКЕР | |
|---|---|
| контрольное поле | 01212nam2a22002531 4500 |
| 001 - ИДЕНТИФИКАТОР ЗАПИСИ | |
| контрольное поле | rc\6442 |
| 005 - ИДЕНТИФИКАТОР ВЕРСИИ | |
| контрольное поле | 20250620112249.0 |
| 010 ## - МЕЖДУНАРОДНЫЙ СТАНДАРТНЫЙ НОМЕР КНИГИ (ISBN) | |
| Номер (ISBN) | 5-89975-025-3 |
| Тираж | 200000 |
| 035 ## - ДРУГИЕ СИСТЕМНЫЕ НОМЕРА | |
| Идентификатор записи | (NLR Aleph) 005296233 |
| 100 ## - ДАННЫЕ ОБЩЕЙ ОБРАБОТКИ | |
| Данные общей обработки | 20021204d1991 |||y0rusy50 ca |
| 101 0# - ЯЗЫК РЕСУРСА | |
| Язык текста, звукозаписи и т.д. | русский |
| 102 ## - СТРАНА ПУБЛИКАЦИИ ИЛИ ПРОИЗВОДСТВА | |
| Страна публикации | Российская Федерация |
| 105 ## - ПОЛЕ КОДИРОВАННЫХ ДАННЫХ: ТЕКСТОВЫЕ МАТЕРИАЛЫ, МОНОГРАФИЧЕСКИЕ | |
| Кодированные данные о монографическом текстовом документе | a ||||||||| |
| 200 1# - ЗАГЛАВИЕ И СВЕДЕНИЯ ОБ ОТВЕТСТВЕННОСТИ | |
| Основное заглавие | Проходная пешка |
| -- | Клетка |
| -- | На языке пламени |
| Сведения, относящиеся к заглавию | Романы |
| Первые сведения об ответственности | Виктор Каннинг |
| Последующие сведения об ответственности | [Перевод с англ. В.Ю. Саввова |
| -- | Ил.: А.П. Деревянко] |
| 210 ## - ПУБЛИКАЦИЯ, РАСПРОСТРАНЕНИЕ И ДР. | |
| Дата издания, распространения и т.д. | 1991 |
| Место издания, распространения и т.д. | Б. м. |
| 215 ## - ФИЗИЧЕСКАЯ ХАРАКТЕРИСТИКА | |
| Специфическое обозначение материала и объем | 586, [3] с. |
| Другие сведения о физической характеристике | ил. |
| 461 #0 - УРОВЕНЬ НАБОРА | |
| Встроенное поле | 001rc\6441 |
| -- | 2001#$aЗолотой фонд детектива$eВ 20 т.$f[Сост. В.В. Гавшин]$v[Т. 3] |
| Системный номер (АБИС) связанной записи | 6241835 |
| Место публикации | Днепропетровск |
| Дата публикации | 1991- |
| Первые сведения об ответственности | [Сост. В.В. Гавшин] |
| Имя издателя, распространителя и т.д. | ТИО "Днепркнига" |
| Сведения, относящиеся к заглавию | В 20 т. |
| Заглавие | Золотой фонд детектива |
| ISBN | 5899750219 |
| Номер тома | [Т. 3] |
| 604 ## - ИМЯ И ЗАГЛАВИЕ КАК ПРЕДМЕТ | |
| Связываемые данные | 700#1$aКаннинг$bВ.$gВиктор |
| -- | 50010$aПроходная пешка$2psbo |
| Имя лица | Каннинг, Виктор |
| Заглавие | Проходная пешка |
| 801 #0 - ИСТОЧНИК ЗАПИСИ | |
| Страна | Российская Федерация |
| Организация | NLR |
| Правила каталогизации | psbo |
| 801 #1 - ИСТОЧНИК ЗАПИСИ | |
| Страна | Российская Федерация |
| Организация | ELAR |
| Источник данных | rusmarc |
| 852 ## - МЕСТОНАХОЖДЕНИЕ И ШИФР ХРАНЕНИЯ | |
| Идентификатор организации | NLR |
| Шифр хранения (Call Number) | 91-3/11631 |
| 942 ## - ДОПОЛНИТЕЛЬНЫЕ ЭЛЕМЕНТЫ ЗАПИСИ (АБИС) | |
| Тип экземпляра АБИС | Книга |
| 980 ## - КОЛЛЕКЦИЯ | |
| Название коллекции | Национальная библиография |
| Тип экземпляра | Дата поступления | Библиотека постоянного хранения | Библиотека текущего хранения | Место хранения | Шифр хранения | Штрих-код | Статус экземпляра |
|---|---|---|---|---|---|---|---|
| Книга | 26.10.2013 | РНБ (Московский) | РНБ (Московский) | Русский книжный фонд: издания с 1957 года | 91-3/11631 | 5296233-10 |